<?xml version="1.0" encoding="UTF-8"?>
<collection xmlns="http://www.loc.gov/MARC21/slim">
 <record>
  <leader>03052naa a2200265 i 4500</leader>
  <controlfield tag="001">acta67159</controlfield>
  <controlfield tag="005">20211123092550.0</controlfield>
  <controlfield tag="008">200525s2014    hu      o     0||   hun d</controlfield>
  <datafield tag="020" ind1=" " ind2=" ">
   <subfield code="a">978-963-306-260-9</subfield>
  </datafield>
  <datafield tag="022" ind1=" " ind2=" ">
   <subfield code="a">2064-4825</subfield>
  </datafield>
  <datafield tag="040" ind1=" " ind2=" ">
   <subfield code="a">SZTE Egyetemi Kiadványok Repozitórium</subfield>
   <subfield code="b">hun</subfield>
  </datafield>
  <datafield tag="041" ind1=" " ind2=" ">
   <subfield code="a">hun</subfield>
  </datafield>
  <datafield tag="041" ind1=" " ind2=" ">
   <subfield code="a">eng</subfield>
  </datafield>
  <datafield tag="100" ind1="1" ind2=" ">
   <subfield code="a">Thorday Attila</subfield>
  </datafield>
  <datafield tag="245" ind1="1" ind2="0">
   <subfield code="a">Szemben az árral </subfield>
   <subfield code="h">[elektronikus dokumentum] :</subfield>
   <subfield code="b">Szeged-Szentmihály lelkiségi élete /</subfield>
   <subfield code="c"> Thorday Attila</subfield>
  </datafield>
  <datafield tag="260" ind1=" " ind2=" ">
   <subfield code="c">2014</subfield>
  </datafield>
  <datafield tag="300" ind1=" " ind2=" ">
   <subfield code="a">65-69</subfield>
  </datafield>
  <datafield tag="490" ind1="0" ind2=" ">
   <subfield code="a">A vallási kultúrakutatás könyvei</subfield>
  </datafield>
  <datafield tag="490" ind1="0" ind2=" ">
   <subfield code="a">Lelkiségek, lelkiségi mozgalmak Magyarországon és Kelet-Közép Európában = Spirituality and spiritual movements in Hungary and Eastern Europe</subfield>
  </datafield>
  <datafield tag="520" ind1="3" ind2=" ">
   <subfield code="a">The little suburb of Szeged-Szentmihály is numbering approximately 2500 inhabitants. I have worked here as a priest for six years now. I consider my main target to support not only the spiritual life of people living in my parish, strengthening their connection to Church and especially to God, but also to maintain in a satisfactory way the co-existence of different social groups dwelling adjacent to each other. It is important to see the difference between the so called “traditional families” of the area, who usually work in agriculture. Their daily routine, their lifestyle, their image of Church and religion are adopted to their simple and hard-working village-like life. Their attitude to Church might also be called “traditional”, based on pure respect towards a quasi “iconic” priest. They also have traditional religious practice, they prefer certain forms of cults of saints and prayers, like the rosary. On the other side of the road, the other half of the suburb is inhabited by young families moving out of the town, looking for the possibility of a more peaceful country life. They consider their new home a garden suburb, they usually work in the town, have a completely different schedule since they work, get their goods from supermarkets, and look for entertainment also in the town. If they have faith and practice religion, they expect flexibility, authenticity and openness from the priest and the parish. The initiatives of the parish help the local community to define and re-define people’s common identity as a community of Szeged-Szentmihály, as well as members of the Church, regardless of their inherited or gained social group statuses. The transformation in people’s attitudes has affected and renewed not only parish life but has resulted in a new sociologically based strategy for dissolving suburban segregation.</subfield>
  </datafield>
  <datafield tag="650" ind1=" " ind2="4">
   <subfield code="a">Bölcsészettudományok</subfield>
  </datafield>
  <datafield tag="650" ind1=" " ind2="4">
   <subfield code="a">Filozófia, etika és vallástudományok</subfield>
  </datafield>
  <datafield tag="695" ind1=" " ind2=" ">
   <subfield code="a">Katolikus egyház - Szeged-Szentmihály, Hitélet - katolikus - Magyarország - regionális, Vallásos közösség - katolikus, Vallásosság - népi - magyar</subfield>
  </datafield>
  <datafield tag="710" ind1=" " ind2=" ">
   <subfield code="a">Vallási Néprajzi Konferencia (11.) (2012) (Szeged)</subfield>
  </datafield>
  <datafield tag="856" ind1="4" ind2="0">
   <subfield code="u">http://acta.bibl.u-szeged.hu/67159/1/vallasi_kulturakutatas_konyvei_010_065-069.pdf</subfield>
   <subfield code="z">Dokumentum-elérés </subfield>
  </datafield>
 </record>
</collection>
